00761nam a2200229 a 450000100060000000300080000600500170001400800410003102000320007203500190010404000350012304100080015808200360016611000360020224500930023826000240033130000350035549000260039050000320041665000570044883000260050562181BD-RjUL20211209081042.0170123s2001 bg 00010 eng d a9845084117c: Complimentary a(BD-RjUL)62306 aBD-RjULbengdBD-RjULcBD-RjUL aeng 223a630.95492021bPIR 2001 (ZS) aBangladesh Bureau of Statistics10aCensus of Agriculture - 1996 :bZila Series: Pirojpur /cBangladesh Bureau of Statistics aDhaka :bBBS,c2001 axiv, 241 p. : bill. ;c28 cm. aZila Series: Pirojpur aChiefly statistical tables. aAgriculturezBangladeshzPirojpurvStatistics.y1996 aZila Series: Pirojpur